000 01228pam a2200301 i 4500
001 30556
003 BD-RjUL
005 20211209051600.0
008 140410r19791978enk b 000 0 eng d
020 _a052122084X
020 _a0521293529 (pbk.)
035 _a(BD-RjUL)30642
040 _aDLC
_cDLC
_dDLC
_dBD-RjUL
_beng
041 _aeng
082 0 0 _a172
_bPUP 1979
245 0 0 _aPublic and private morality /
_cedited by Stuart Hampshire.
260 _aCambridge ;
_aNew York :
_bCambridge University Press,
_c1978. [Reprinted 1979]
300 _ax, 143 p. ;
_c23 cm.
504 _aIncludes bibliographical references.
505 0 _aHampshire, S. Morality and pessimism.--Hampshire, S. Public and private morality.--Williams, B. Politics and moral character.--Nagel, T. Ruthlessness in public life.--Scanlon, T. M. Rights, goals, and fairness.--Dworkin, R. Liberalism.
650 0 _aPolitical ethics.
_992836
700 1 _aHampshire, Stuart,
_d1914-2004.
_991816
856 4 2 _3Publisher description
_uhttp://www.loc.gov/catdir/description/cam022/78002839.html
856 4 1 _3Table of contents
_uhttp://www.loc.gov/catdir/toc/cam025/78002839.html
942 _2ddc
_cBK
999 _c30556
_d30556